000 01299nam a22003617a 4500
003 CHAP
005 20220329140313.0
008 971013s1955 r 00010 d
010 _a50079
011 _a51051
035 _a55201
040 _cCHAP
082 _a632.7
_bF45 1955
100 0 0 _aFernald, Henry Torsey.
_940091
245 _aApplied entomology
_b: an introductory text book of insects in their relations to man
250 _a5 ed.
260 _aNew York :
_bMcGraw-Hill,
_c1955
300 _a385 p.
_b: ilus.
590 _aBATCH-UPD
_b10
_c20130109
_lUCH01
_h2341
590 _aBATCH-UPD
_b10
_c20130110
_lUCH01
_h0719
590 _aBATCH-UPD
_b10
_c20130409
_lUCH01
_h1910
590 _aBATCH-UPD
_b10
_c20130914
_lUCH01
_h1311
590 _aCONVERSION
_b10
_c20130109
_lUCH01
_h1327
650 1 4 _aEntomología económica.
_937145
650 1 4 _aInsectos
_xE.U.A.
_958914
700 0 _aShepard, Harold Henry.
_9105624
901 _aBK
942 _cLIBRO
949 _a632.7 F45 1955
_bBC
_cLIBRO
_d-121282
_eLIBRO
_h23097
_i55201
_si
949 _a632.7 F45 1955
_bBC
_cLIBRO
_d33724000180857
_eLIBRO
_fc.2
_h23098
_i55201
_si
949 _a632.7 F45 1955
_bBC
_cLIBRO
_d33724000180865
_eLIBRO
_fc.3
_h23099
_i55201
_si
949 _a632.7 F45 1955
_bBC
_cLIBRO
_d33724000180881
_eLIBRO
_fc.4
_h39644
_i55201
_si
999 _c50079
_d50079